000 00644nam a22001937a 4500
003 0
005 20250930154828.0
008 250930b xxu||||| |||| 00| 0 eng d
020 _a978-1-265-20149-4
050 _aBF 121
_b.F45 2024
100 _aFeldman, Robert S.,
_eauthor.
245 _aEssentials of understanding psychology 2024 release /
_cRobert S. Feldman.
260 _aNew York, NY :
_bMcGraw Hill LLC,
_c2024.
300 _axlviii, various pagination :
_bcolored illustrations ;
_c28 cm.
504 _aIncludes bibliographical references and index.
650 _aPsychology
_xTextbooks.
650 _aPsychology.
942 _2lcc
_cBK
999 _c368160
_d368160